Daň vyberaná zrážkou

Vysporiadanie daňovej povinnosti jej zrazením už pri výplate, poukázaní alebo pripísaní úhrad sa považuje za jeden z najefektívnejších inštitútov zabezpečenia dane pri zdroji, čo zároveň v oblasti úhrad do zahraničia v zásade uspokojivo rieši aj otázku predchádzania daňových únikov. Systém vyberania...

Ausführliche Beschreibung

Gespeichert in:
Bibliographische Detailangaben
1. Verfasser: Brnová, Miroslava
Format: Buchkapitel
Sprache:Slowakisch
Schlagworte:
Tags: Tag hinzufügen
Keine Tags, Fügen Sie das erste Tag hinzu!

MARC

LEADER 00000naa a2200000 4500
001 0294207
005 20240417075239.0
041 0 |a slo 
044 |a SK 
245 1 0 |a Daň vyberaná zrážkou  |c Miroslava Brnová 
520 |a Vysporiadanie daňovej povinnosti jej zrazením už pri výplate, poukázaní alebo pripísaní úhrad sa považuje za jeden z najefektívnejších inštitútov zabezpečenia dane pri zdroji, čo zároveň v oblasti úhrad do zahraničia v zásade uspokojivo rieši aj otázku predchádzania daňových únikov. Systém vyberania dane zrážkou, sadzba dane a povinnosti platiteľa dane. Sťažnosť na nesprávne zrazenú daň. 
610 2 0 |a dane 
610 2 0 |a povinnosť daňová 
610 2 0 |a výber daní 
610 2 0 |a sadzby daňové 
610 2 0 |a priznania daňové 
610 2 0 |a únik daňový 
610 2 0 |a zákony 
610 2 0 |a legislatíva 
100 1 |a Brnová, Miroslava